WWE wrestlers: released or not-Sudden Death - Statistics

General Stats
  • This quiz has been taken 97 times
  • The average score is 5 of 9
Answers on the Grid
Answers color-coded by a green-red scale on the quiz's grid according to % correct below.
Electra Lopes
Montes Ford
Austin Theory
Grayson Waller
Ricochet
Keith "Bearcat" Lee
Adam Peirce
Sonya Deville
Akam
Big E
Rezar
Isla Dawn
Kofi Kingston
Sheamus
Shana Bazler
Beanca Belair
Omos
Bron Breaker
Drew Mcytire
Ashante "Thee" Adonis
 
Answer Stats
Answer % Correct
Austin Theory
81%
Grayson Waller
64%
Montes Ford
64%
Kofi Kingston
55%
Sheamus
55%
Big E
48%
Adam Peirce
45%
Beanca Belair
45%
Bron Breaker
43%
No matching quizzes found
Score Distribution
Percent of People with Each Score
Percentile by Number Answered
Your Score History
You have not taken this quiz